|
|
|
|
| LEADER |
00959cam a2200241 7i4500 |
| 001 |
0000061077 |
| 005 |
20210922090000.0 |
| 020 |
|
|
|a 9780520968868 (electronic book)
|
| 090 |
0 |
0 |
|a JV7095
|b .A76 2017
|
| 100 |
1 |
|
|a Armenta, Amada
|
| 245 |
1 |
0 |
|a Protect, serve, and deport :
|b the rise of policing as immigration enforcement
|c Amada Armenta.
|
| 264 |
|
|
|a Oakland, California:
|b University of California Press,
|c 2017.
|
| 300 |
|
|
|a 1 online resource (xi, 197 pages):
|b text file, PDF.
|
| 336 |
|
|
|a text
|2 rdacontent
|
| 337 |
|
|
|a computer
|2 rdamedia
|
| 338 |
|
|
|a online resource
|2 rdacarrier
|
| 650 |
|
0 |
|a Illegal aliens --
|x Government policy --
|z United States
|
| 650 |
|
0 |
|a Immigration enforcement --
|z Tennessee --
|z Nashville
|
| 655 |
|
0 |
|a Electronic books
|
| 856 |
4 |
2 |
|u http://library.unisel.edu.my/web/guest/mylibrary
|
| 997 |
|
|
|a Centre for Graduate Studies
|
| 998 |
|
|
|a Political Science, Master
|
| 999 |
|
|
|a EBO0007306
|b EBOOK
|c EBOOK
|e Electronic resources
|